| 000 | 00577nam a22001937a 4500 | ||
|---|---|---|---|
| 999 |
_c130104 _d130104 |
||
| 005 | 20230121122211.0 | ||
| 008 | 230121b ||||| |||| 00| 0 eng d | ||
| 020 | _a9780323722049 | ||
| 040 | _cPK-LaUMT | ||
| 082 |
_a615.82 _bHEI-G |
||
| 100 | _aHeick, John D. | ||
| 245 |
_aGoodman and Snyder's differential diagnosis for physical therapists screening for referral / _cby John D. Heick and Rolando Lazaro |
||
| 250 | _a7th ed. | ||
| 260 |
_aMissouri : _bElsevier, _c2023 |
||
| 300 | _a794 p. | ||
| 650 | _aPhysical therapy | ||
| 650 | _aExercise therapy | ||
| 942 | _cBK | ||